000 00228nam a2200097Ia 4500
008 120527s9999 xx 000 0 und d
100 _aTillett,L.
245 _aAfrican art in needlework
260 _bThomas Y.Co,Pub
942 _cBK
999 _c20579
_d20579